000 00660nam a2200277Ia 4500
001 Z_2438
003 CHAP
008 220113s1981 xx 000 0 und d
010 _a165492
040 _cCHAP
082 _a512.896 K4
100 _aKleiman, Ariel
_9139356
245 _aMatrices : aplicaciones matemáticas en economía y administración /
_cpor Ariel Kleiman y Elena K. de Kleiman
260 _aMéxico, D. F. :
_bLimusa,
_c1981
300 _a399 p.
440 _a
500 _a
503 _a
650 _aMatrices
_973047
901 _a512.896 K4
902 _aA
910 _a1981
942 _c1
942 _cc1
999 _c165492
_d165492